000 01063cam4a220028900 4500
001 lce01190588
005 20190819091459.0
008 801201s1981 wiua b 001 0 eng
010 _a 80005104 //r902
020 _c
_60.00
035 _a(Sirsi) r41821
035 _a(DLC) 80005104 //r902
035 _a(UPRA)lce01190588
040 _aDLC
_cDLC
_dDLC
050 0 0 _aQK495.L52
_bA57
082 0 0 _a583/.32
_219
100 1 _aAllen, O. N. (Oscar Nelson), 1905-1976.
_qAllen, O. N. (Oscar Nelson), 1905-1976.
_dAllen, O. N. (Oscar Nelson), 1905-1976.
_6A102225.1
245 1 4 _aThe Leguminosae, a source book of characteristics, uses, and nodulation /
_cO.N. Allen & Ethel K. Allen.
260 _aMadison, Wisc. :
_bUniversity of Wisconsin Press,
_cc1981.
500 _aIncludes index.
504 _aBibliography: p. 731-798.
650 0 _aLegumes.
_6S11978.1
700 1 _aAllen, Ethel Kullmann, 1906-
_dAllen, Ethel Kullmann, 1906-
_6A102226.1
740 0 _aNodulation.
949 _aQK495.L52
_wlcc
_i-50888
_mMAIN
_p2500
_tBOOK
_lON-SHELF
004 41821
999 _c95679
_d95679